Découvertes 4 Unité 1A - Statistiken

Allgemein
  • Dieses Quiz wurde 100 mal gespielt
  • Das Durchschnittsergebnis liegt bei 10 aus 35
Antwortstatistiken
Deutsch Französisch % Korrekt
Kamera: une caméra
80%
Unfall: un accident
70%
etw. auswählen choisir
50%
Kino: le cinéma
50%
Drama: un drame
50%
nackt nu
50%
bekannt connu
40%
Hoffnung: un espoir
40%
Ereignis: un évènement
40%
Palme: un palmier
40%
Fotograf: un photographe
40%
reservieren réserver
40%
etwa hundert: une centaine
30%
Umzug, Parade: un défilé
30%
Kirche: une église
30%
Eindruck: une impression
30%
unbekannt inconnu
30%
Welt: le monde
30%
Skandal: un scandale
30%
folgender suivant
30%
Schmuckstück: un bijou
20%
Art/Gattung: le genre
20%
Zufall: le hasard
20%
Ort: un lieu
20%
Stufe: une marche
20%
Persönlichkeit: une personnalité
20%
Öffentlichkeit: le public
20%
Werbung: une publicité
20%
alt, ehemalig ancien
10%
berühmt célèbre
10%
Modeschöpfer: un couturier
10%
Bühenbild: un décor
10%
ein Zuschauer: un spectateur
10%
ausländisch, fremd étranger
0%
Regisseur: un réalisateur
0%
Keine übereinstimmenden Quizze gefunden
Verteilung der Resultate
Anzahl Personen mit jedem Resultat
Perzentil nach korrekt beantworteten Fragen
Ihre Resultats-Entwicklung
Sie haben dieses Quiz noch nicht gespielt